000 00995cam a22003017a 4500
003 CHAP
005 20220817041357.0
008 971013s1947 r 00010 d
010 _a12646
011 _a13618
035 _a17690
040 _cCHAP
082 _a330.9
_bG5
100 0 0 _aGlenday, Roy.
_948272
245 1 3 _aEl futuro de la sociedad económica; un estudio sobre la organización de grupo
260 _aMadrid :
_bAguilar,
_c1947
300 _a339 p.
490 0 _aAguilar. Biblioteca de ciencias económicas, políticas y sociales
590 _aBATCH-UPD
_b10
_c20130110
_lUCH01
_h1246
590 _aBATCH-UPD
_b10
_c20130410
_lUCH01
_h0810
590 _aBATCH-UPD
_b10
_c20130914
_lUCH01
_h1901
590 _aCONVERSION
_b10
_c20130109
_lUCH01
_h1308
650 1 4 _aPolítica económica.
830 0 _aAguilar. Biblioteca de ciencias economicas, politicas y sociales
_92897
901 _aBK
942 _cLIBRO
949 _a330.9 G5
_bBC
_cLIBRO
_d33724000318796
_eLIBRO
_i17690
_si
999 _c12646
_d12646